000 00506nam a2200157 a 4500
001 000035058
005 20200930074057.0
008 111024s1897 es 000 0 spa d
040 _aDO-SdBNP
_bspa
_cBNPHU
100 1 _aBarrillon, G.
_960699
245 1 0 _aLes fréres de la nuit /
_cG. Barrillon.
260 _aParis :
_bCalmann Léyy Editeur,
_c1897.
300 _a318 p. ;
_c18 cm.
505 0 _gv. 2
_tUn drame en Amérique
590 _aPerteneció a la biblioteca personal de Juan Isidro Jimenes Grullón
999 _c34549
_d34549